书目信息 |
| 题名: |
抽水机站
|
|
| 作者: | ;安徽水利电力学院 编 | |
| 分册: | ||
| 出版信息: | 北京 水利电力出版社 1959 |
|
| 页数: | 164页 | |
| 开本: | 19cm | |
| 丛书名: | ||
| 单 册: | ||
| 中图分类: | S277.1-43 | |
| 科图分类: | ||
| 主题词: | 抽水站--技术学校--教材 | |
| 电子资源: | ||
| ISBN: | 15143.1787 | |
| 000 | 00738cam0 2200253 450 | |
| 001 | 0105461876 | |
| 005 | 20080129091509.0 | |
| 010 | @a15143.1787@dCNY0.81 | |
| 091 | @a15143.1787@dCNY0.81 | |
| 100 | @a19960516d1959 em y0chiy0110 ea | |
| 101 | 0 | @achi |
| 102 | @aCN@b110000 | |
| 105 | @afa j 000yy | |
| 106 | @ar | |
| 200 | 1 | @a抽水机站@9Chou Shui Ji Zhan @f安徽水利电力学院编@b专著 |
| 210 | @a北京@c水利电力出版社@d1959 | |
| 215 | @a164页@c图表@d19cm | |
| 300 | @a中等技术学校教材 | |
| 606 | 0 | @a抽水站@x技术学校@x教材 |
| 690 | @aS277.1-43@v3 | |
| 711 | 02 | @a安徽水利电力学院@9an hui shui li dian li xue yuan@4编 |
| 801 | 0 | @aCN@b上海图书馆@c19970403 |
| 801 | 2 | @aCN@bAiZhiMarc |
| 905 | @aBZT@dS277.1-43@e1@f2@sS277.1-43/1 | |
| 抽水机站/安徽水利电力学院编.-北京:水利电力出版社,1959 |
| 164页:图表;19cm |
| 中等技术学校教材 |
| ISBN 15143.1787:CNY0.81 |
| ● |
| 相关链接 |
|
|
|
正题名:抽水机站
索取号:S277.1-43/1
 
预约/预借
| 序号 | 登录号 | 条形码 | 馆藏地/架位号 | 状态 | 备注 |
| 1 | 2000071850 | 2000071850 | 旧书回溯/ [索取号:S277.1-43/1] | 在馆 | |
| 2 | 2000150497 | 2000150497 | 旧书回溯/ [索取号:S277.1-43/1] | 在馆 |